Statistics for Codeword Puzzle #4 - Map Quiz

Click here to take the quiz!

General Stats

  • This quiz has been taken 896 times
  • The average score is 14 of 26

Answers on the Map

Answers color-coded by a green-red scale on the quiz's map according to % correct below.
 

Answer Stats

Answer% Correct
A
90%
F
83%
R
83%
E
65%
I
63%
S
62%
O
55%
N
50%
H
49%
L
49%
T
49%
U
49%
Y
49%
D
48%
V
48%
C
47%
G
47%
Q
47%
B
45%
M
45%
P
45%
W
45%
X
44%
Z
43%
K
42%
J
39%

Score Distribution

Percentile by Number Answered

Percent of People with Each Score

Your Score History

You have not taken this quiz